| 000 | 01747nam0a2200361 4500 | ||
|---|---|---|---|
| 001 | RU\NLR\bibl\477926 | ||
| 005 | 20250623191900.0 | ||
| 010 |
_a5-230-02517-4 _9100 |
||
| 021 |
_aRU _b2003-58349 _92853 |
||
| 035 | _a(NLR Aleph) 000470891 | ||
| 090 |
_a992963 _c992963 |
||
| 100 | _a20040108d2003 |||y0rusy50 ca | ||
| 101 | 0 | _arus | |
| 102 | _aRU | ||
| 105 | _aa ||||||||| | ||
| 200 | 1 |
_aНедревесная продукция леса _eУчеб. пособие по дисциплине "Недревес. продукция леса" для студентов, обучающихся по спец. 260400 - "Лесн. хоз-во" _fВ. Г. Чистилин _gМ-во образования Рос. Федерации, Брян. гос. инж.-технол. акад. |
|
| 205 | _a2-е изд., испр. и доп. | ||
| 210 |
_aБрянск _cИзд-во БГИТА _d2003 |
||
| 215 |
_a271 с., [3] с. ил. _cил., цв. ил. _d21 |
||
| 300 | _aНа обороте тит.л. авт.: В.Г. Чистилин, проф., к.с.-х.н. | ||
| 320 | _aБиблиогр.: с. 226-227 (15 назв.) | ||
| 606 | 0 |
_aНедревесная продукция леса _jУчебные издания для высших учебных заведений _92390430 _3RU\NLR\auth\661425585 |
|
| 606 | 0 |
_aНедревесная продукция леса _jРуководства, пособия и т.п. _92390430 _3RU\NLR\auth\661425585 |
|
| 686 | _aП18я73 | ||
| 686 | _aП398я73 | ||
| 700 | 1 |
_aЧистилин _bВ. Г. _gВалерий Григорьевич _4070 |
|
| 801 | 0 |
_aRU _bNLR _c20040108 _gPSBO |
|
| 801 | 1 |
_aRU _bNLR _c20040108 |
|
| 942 | _cBOOK | ||
| 980 | _aNB | ||
| 980 | _aNBR | ||